| 000 | 00402cam a22001217a 4500 | ||
|---|---|---|---|
| 008 | 180718b1979 xxu||||| |||| 00| 0 eng d | ||
| 082 | _aD R33 | ||
| 100 | _aReychler, Luc | ||
| 245 |
_aPattern of diplomatic thinking: a cross-national study of structural and socio-psychological determinants _cby Luc Reychler |
||
| 260 |
_aNew York _bPraeger _c1979 |
||
| 300 | _a295p. | ||
| 650 | _aInternational relations | ||
| 999 |
_c352478 _d352478 |
||